[Event "GRE-chT 42nd"]
[Site "Porto Rio"]
[Date "2014.07.01"]
[Round "5.2"]
[White "Lazaridis Patsalias, Haralambos"]
[Black "Panagiotopolous, Alexandros"]
[Result "1/2-1/2"]
[WhiteElo "2134"]
[BlackElo "2134"]
[PlyCount "66"]
[EventDate "2014.06.28"]
[EventType "team-swiss"]
[EventRounds "7"]
[EventCountry "GRE"]
[SourceTitle "CBM 161 Extra"]
[Source "ChessBase"]
[SourceDate "2014.08.29"]
[SourceVersion "1"]
[SourceVersionDate "2014.08.29"]
[SourceQuality "1"]
[WhiteTeam "Polichnis"]
[BlackTeam "Elefsinas STM"]
[WhiteTeamCountry "GRE"]
[BlackTeamCountry "GRE"]

1. d4 d5 2. c4 dxc4 3. Nf3 Nf6 4. e3 e6 5. Bxc4 c5 6. 0-0 a6 7. Bb3 Qc7 8. Qe2 Nc6 9. Nc3 Be7 10. Rd1 0-0 11. d5 exd5 12. Nxd5 Nxd5 13. Bxd5 Bg4 14. Bd2 Bf6 15. Bc3 Bxc3 16. bxc3 Ne5 17. a4 Nxf3+ 18. Bxf3 Bxf3 19. Qxf3 b6 20. Rd5 b5 21. Qf5 Rac8 22. axb5 g6 23. Qd3 c4 24. Qd4 axb5 25. Ra7 Qc6 26. Rd6 Qc5 27. Rb7 Qxd4 28. exd4 Rb8 29. Rdb6 Rxb7 30. Rxb7 Ra8 31. g3 Ra3 32. Rxb5 Rxc3 33. Rc5 Kg7 1/2-1/2

[Event "GRE-chT 42nd"]
[Site "Porto Rio"]
[Date "2014.06.30"]
[Round "4.3"]
[White "Sklavounos, Panayotis"]
[Black "Lazaridis Patsalias, Haralambos"]
[Result "1-0"]
[WhiteElo "1925"]
[BlackElo "2134"]
[PlyCount "55"]
[EventDate "2014.06.28"]
[EventType "team-swiss"]
[EventRounds "7"]
[EventCountry "GRE"]
[SourceTitle "CBM 161 Extra"]
[Source "ChessBase"]
[SourceDate "2014.08.29"]
[SourceVersion "1"]
[SourceVersionDate "2014.08.29"]
[SourceQuality "1"]
[WhiteTeam "Peiraikos PG"]
[BlackTeam "Polichnis"]
[WhiteTeamCountry "GRE"]
[BlackTeamCountry "GRE"]

1. e4 d5 2. exd5 Nf6 3. c4 Bg4 4. Be2 Bxe2 5. Nxe2 c6 6. dxc6 Nxc6 7. d4 e6 8. 0-0 Bd6 9. Nbc3 0-0 10. h3 h6 11. Be3 Rc8 12. Rc1 Bb8 13. Qd2 Ne7 14. b3 Nf5 15. Rfd1 Nxe3 16. Qxe3 Re8 17. Qf3 Qe7 18. Ng3 e5 19. Nf5 Qc7 20. Nb5 Qb6 21. dxe5 Rxe5 22. Nbd6 Rc6 23. c5 Rcxc5 24. Nxh6+ gxh6 25. Rxc5 Bxd6 26. Qg3+ Kh7 27. Rxe5 Ne4 28. Rxd6 1-0

[Event "GRE-chT 40th"]
[Site "Achaia"]
[Date "2012.07.01"]
[Round "3.16"]
[White "Megalios, Konstantinos"]
[Black "Lazaridis Patsalias, Haralambos"]
[Result "1/2-1/2"]
[WhiteElo "2073"]
[BlackElo "2141"]
[PlyCount "59"]
[EventDate "2012.06.30"]
[EventType "team-swiss"]
[EventRounds "7"]
[EventCountry "GRE"]
[SourceTitle "CBM 149 Extra"]
[Source "ChessBase"]
[SourceDate "2012.08.24"]
[SourceVersion "1"]
[SourceVersionDate "2012.08.24"]
[SourceQuality "1"]
[WhiteTeam "Amfissa Chess Union"]
[BlackTeam "Polichnis"]
[WhiteTeamCountry "GRE"]
[BlackTeamCountry "GRE"]

1. d4 d5 2. c4 e6 3. Nf3 Nf6 4. g3 Be7 5. Bg2 0-0 6. Qc2 dxc4 7. Qxc4 Nbd7 8. 0-0 Bd6 9. Rd1 Qe7 10. Nc3 c6 11. Bg5 h6 12. Bxf6 Nxf6 13. Ne5 a6 14. Nd3 e5 15. dxe5 Bxe5 16. Nxe5 Qxe5 17. Qb4 Qc7 18. Rd2 Be6 19. Rad1 Rac8 20. b3 Rfd8 21. Ne4 Nd5 22. Qd4 b6 23. Nc3 Nxc3 24. Qxc3 Rxd2 25. Rxd2 c5 26. Bd5 Bxd5 27. Rxd5 Rd8 28. e4 Re8 29. Qd3 Qd7 30. Qxa6 1/2-1/2

[Event "GRE-chT 40th"]
[Site "Achaia"]
[Date "2012.06.30"]
[Round "1.8"]
[White "Tsarouhas, Vasilios"]
[Black "Lazaridis Patsalias, Haralambos"]
[Result "1/2-1/2"]
[WhiteElo "2164"]
[BlackElo "2141"]
[PlyCount "120"]
[EventDate "2012.06.30"]
[EventType "team-swiss"]
[EventRounds "7"]
[EventCountry "GRE"]
[SourceTitle "CBM 149 Extra"]
[Source "ChessBase"]
[SourceDate "2012.08.24"]
[SourceVersion "1"]
[SourceVersionDate "2012.08.24"]
[SourceQuality "1"]
[WhiteTeam "Orekastrou"]
[BlackTeam "Polichnis"]
[WhiteTeamCountry "GRE"]
[BlackTeamCountry "GRE"]

1. e4 c6 2. d4 d5 3. Nc3 dxe4 4. Nxe4 Bf5 5. Ng3 Bg6 6. h4 h6 7. Nf3 Nd7 8. h5 Bh7 9. Bd3 Bxd3 10. Qxd3 e6 11. Bf4 Qa5+ 12. Bd2 Qc7 13. 0-0-0 0-0-0 14. Ne4 Ngf6 15. g3 Nxe4 16. Qxe4 Bd6 17. Kb1 c5 18. c4 cxd4 19. Nxd4 a6 20. Nb3 Qc6 21. Qxc6+ bxc6 22. Bxh6 Be5 23. Be3 Nf6 24. Rxd8+ Rxd8 25. Bg5 Rd3 26. Bxf6 Bxf6 27. Kc2 Rf3 28. Rh2 Kc7 29. Nd2 Rf5 30. Ne4 Bd4 31. f4 e5 32. Kd3 c5 33. g4 Rxf4 34. g5 f5 35. gxf6 gxf6 36. h6 f5 37. h7 fxe4+ 38. Kc2 Rf8 39. h8Q Rxh8 40. Rxh8 e3 41. b3 Kb7 42. Kd3 Kb6 43. Rh2 Kb7 44. Ke4 Kc6 45. Re2 Kd6 46. Kf5 Kd7 47. a3 a5 48. Rh2 Kc7 49. Ke6 Kb6 50. Kd6 a4 51. b4 cxb4 52. axb4 a3 53. c5+ Kb5 54. c6 Bb6 55. c7 Bxc7+ 56. Kxc7 Kxb4 57. Re2 Kb3 58. Rxe3+ Kb2 59. Re2+ Kb1 60. Rxe5 a2 1/2-1/2

[Event "GRE-chT 37th"]
[Site "Kallithea"]
[Date "2009.07.06"]
[Round "6"]
[White "Mitigas, Spyridon"]
[Black "Lazaridis Patsalias, Haralambos"]
[Result "1/2-1/2"]
[WhiteElo "2171"]
[BlackElo "2118"]
[PlyCount "103"]
[EventDate "2009.07.03"]
[EventType "team-tourn"]
[EventRounds "9"]
[EventCountry "GRE"]
[SourceTitle "CBM 131 Extra"]
[Source "ChessBase"]
[SourceDate "2009.09.03"]
[SourceVersion "2"]
[SourceVersionDate "2009.09.16"]
[SourceQuality "1"]

1. d4 d5 2. Nf3 Nf6 3. Bg5 e6 4. Nbd2 c5 5. c3 Be7 6. e3 0-0 7. Bd3 Nbd7 8. 0-0 b6 9. Qc2 g6 10. e4 dxe4 11. Nxe4 Bb7 12. dxc5 Nxe4 13. Bxe7 Qxe7 14. Bxe4 Bxe4 15. Qxe4 Nxc5 16. Qe3 Rfd8 17. Rad1 Rxd1 18. Rxd1 Rd8 19. Rd4 Rxd4 20. Qxd4 Qd7 21. Qxd7 Nxd7 22. Nd2 Kf8 23. Kf1 Ke7 24. Ke2 Kd6 25. Nc4+ Kc5 26. Kd3 a5 27. f4 f5 28. b3 Kd5 29. Ne3+ Kc5 30. a3 e5 31. b4+ axb4 32. axb4+ Kd6 33. Nc4+ Kd5 34. Ne3+ Kd6 35. fxe5+ Nxe5+ 36. Kd4 b5 37. c4 Nc6+ 38. Kc3 bxc4 39. Nxc4+ Kd5 40. b5 Nb8 41. Kb4 g5 42. Nd2 h5 43. b6 f4 44. Kc3 g4 45. Kd3 Nd7 46. b7 Nc5+ 47. Ke2 Nxb7 48. g3 f3+ 49. Nxf3 gxf3+ 50. Kxf3 Ke5 51. g4 h4 52. g5 1/2-1/2

[Event "GRE-chT 37th"]
[Site "Kallithea"]
[Date "2009.07.05"]
[Round "5"]
[White "Zahariev, Zahari"]
[Black "Lazaridis Patsalias, Haralambos"]
[Result "0-1"]
[WhiteElo "2399"]
[BlackElo "2118"]
[PlyCount "106"]
[EventDate "2009.07.03"]
[EventType "team-tourn"]
[EventRounds "9"]
[EventCountry "GRE"]
[SourceTitle "CBM 131 Extra"]
[Source "ChessBase"]
[SourceDate "2009.09.03"]
[SourceVersion "2"]
[SourceVersionDate "2009.09.16"]
[SourceQuality "1"]

1. e4 c6 2. d4 d5 3. Nc3 dxe4 4. Nxe4 Bf5 5. Ng3 Bg6 6. Nf3 Nd7 7. h4 h6 8. h5 Bh7 9. Bd3 Bxd3 10. Qxd3 e6 11. Bd2 Qc7 12. 0-0-0 0-0-0 13. Qe2 Bd6 14. Ne4 Bf4 15. g3 Bxd2+ 16. Nexd2 Ngf6 17. Ne5 Rhf8 18. Ndc4 Kb8 19. f4 c5 20. Nxd7+ Nxd7 21. dxc5 Qxc5 22. b3 Nf6 23. Rxd8+ Rxd8 24. Qe5+ Qc7 25. Qxc7+ Kxc7 26. Ne5 Ne4 27. g4 Nc3 28. Nd3 Ne2+ 29. Kb2 Rd4 30. Rf1 Kd6 31. Rf2 Ng3 32. Rf3 Ne4 33. Re3 Nf6 34. c3 Re4 35. Rxe4 Nxe4 36. c4 f5 37. gxf5 exf5 38. b4 Ng3 39. Kc3 Nxh5 40. Kd4 g5 41. c5+ Ke6 42. fxg5 hxg5 43. b5 g4 44. a4 g3 45. Ne1 Nf4 46. a5 Kd7 47. Ke3 g2 48. Kf2 a6 49. c6+ bxc6 50. bxa6 Kc7 51. Nxg2 Nxg2 52. Kxg2 c5 53. Kf3 Kb8 0-1

[Event "GRE-chT 36th"]
[Site "Kallithea"]
[Date "2008.07.07"]
[Round "3.3"]
[White "Papadimitriou, Athanasios"]
[Black "Lazaridis Patsalias, Haralambos"]
[Result "1-0"]
[WhiteElo "2064"]
[BlackElo "2086"]
[PlyCount "71"]
[EventDate "2008.07.06"]
[EventType "team-tourn"]
[EventRounds "7"]
[EventCountry "GRE"]
[SourceTitle "CBM 125 Extra"]
[Source "ChessBase"]
[SourceDate "2008.09.01"]
[SourceVersion "1"]
[SourceVersionDate "2008.09.01"]
[SourceQuality "1"]

1. Nf3 d5 2. g3 Nf6 3. Bg2 Bg4 4. c4 c6 5. Ne5 Bf5 6. d3 Nbd7 7. Nxd7 Qxd7 8. cxd5 cxd5 9. Qb3 e6 10. Nc3 Be7 11. 0-0 0-0 12. Bf4 Rfc8 13. Rac1 Bc5 14. e4 Bg6 15. exd5 Bxd3 16. Rfd1 Bc4 17. dxe6 Qxe6 18. Qxb7 h6 19. Re1 Qf5 20. Re5 Bxf2+ 21. Kh1 Qg6 22. Ne4 Nxe4 23. Bxe4 Qa6 24. Qxa6 Bxa6 25. Bxa8 Rxa8 26. Kg2 Bd4 27. Re7 Bf6 28. Rd7 Bc8 29. Rd2 Be6 30. b4 Be7 31. a3 a5 32. Rc7 Bf8 33. b5 Bxa3 34. b6 Rb8 35. b7 Bb4 36. Rc8+ 1-0

[Event "Chalkidiki op"]
[Site "Chalkidiki"]
[Date "2008.04.29"]
[Round "1"]
[White "Lazaridis Patsalias, Haralambos"]
[Black "Ermenkov, Evgenij"]
[Result "0-1"]
[WhiteElo "2103"]
[BlackElo "2463"]
[PlyCount "78"]
[EventDate "2008.04.29"]
[EventType "swiss"]
[EventRounds "9"]
[EventCountry "GRE"]
[SourceTitle "CBM 123 Extra"]
[Source "ChessBase"]
[SourceDate "2008.05.06"]
[SourceVersion "1"]
[SourceVersionDate "2008.05.06"]
[SourceQuality "1"]

1. d4 Nf6 2. c4 c5 3. d5 b5 4. cxb5 a6 5. Nc3 Qa5 6. b6 d6 7. Bd2 Qxb6 8. e4 g6 9. Nf3 Nbd7 10. Bd3 Bg7 11. h3 0-0 12. 0-0 Ne8 13. a4 Nc7 14. a5 Qa7 15. Rb1 Rb8 16. b4 Rxb4 17. Rxb4 cxb4 18. Na2 Nc5 19. Bxb4 Nxd3 20. Qxd3 Bd7 21. Rc1 Nb5 22. Bd2 Qb7 23. Bg5 f6 24. Bf4 Rc8 25. Rc4 Rxc4 26. Qxc4 Qc8 27. Qd3 Qc7 28. Bd2 f5 29. Ng5 Bf6 30. Ne6 Bxe6 31. dxe6 fxe4 32. Qxe4 Kg7 33. g4 h6 34. h4 Qc5 35. Be3 Qe5 36. Qxe5 Bxe5 37. Nb4 Bc3 38. Nxa6 Bxa5 39. Nb8 Bc3 0-1

[Event "Kalamaria op 3rd"]
[Site "Kalamaria"]
[Date "2006.09.03"]
[Round "6"]
[White "Lazaridis Patsalias, Haralambos"]
[Black "Shavtvaladze, Nikoloz"]
[Result "0-1"]
[WhiteElo "2101"]
[BlackElo "2383"]
[PlyCount "74"]
[EventDate "2006.08.30"]
[EventType "swiss"]
[EventRounds "9"]
[EventCountry "GRE"]
[SourceTitle "EXT 2007"]
[Source "ChessBase"]
[SourceDate "2006.11.23"]
[SourceVersion "1"]
[SourceVersionDate "2006.11.23"]
[SourceQuality "1"]

1. d4 Nf6 2. c4 e6 3. Nc3 Bb4 4. e3 0-0 5. Bd3 c5 6. Nf3 b6 7. 0-0 Bb7 8. Ne5 d6 9. Ng4 Bxc3 10. Nxf6+ Qxf6 11. bxc3 e5 12. Qc2 h6 13. d5 Nd7 14. a4 a5 15. Bf5 Qe7 16. Bxd7 Qxd7 17. e4 Ba6 18. Qd3 f5 19. f3 g5 20. Be3 f4 21. Bd2 Kf7 22. Rfb1 Rab8 23. Rb2 Ke7 24. Be1 Kd8 25. Ra3 Kc7 26. Rab3 Qxa4 27. Qb1 Qxc4 28. Bf2 b5 29. Rc2 Bc8 30. Rc1 Bd7 31. Rb4 cxb4 32. cxb4 axb4 33. Rxc4+ bxc4 34. Qa2 Kd8 35. Qa6 Ke7 36. Bc5 Rf6 37. Ba7 Rc8 0-1

[Event "Chalkidiki op-A 2nd"]
[Site "Kallithea"]
[Date "2006.04.26"]
[Round "2"]
[White "Lazaridis Patsalias, Haralambos"]
[Black "Georgiev, Krum"]
[Result "0-1"]
[WhiteElo "2105"]
[BlackElo "2482"]
[PlyCount "66"]
[EventDate "2006.04.25"]
[EventType "swiss"]
[EventRounds "9"]
[EventCountry "GRE"]
[SourceTitle "CBM 112 Extra"]
[Source "ChessBase"]
[SourceDate "2006.07.14"]
[SourceVersion "1"]
[SourceVersionDate "2006.07.14"]
[SourceQuality "1"]

1. d4 g6 2. c4 Bg7 3. e4 d6 4. Nc3 c6 5. Nge2 a6 6. a4 a5 7. Ng3 Qb6 8. d5 Na6 9. Be2 Nc5 10. Ra3 h5 11. h4 Nf6 12. 0-0 Ng4 13. Nh1 Bf6 14. g3 Bd7 15. Kg2 Bxc3 16. Rxc3 Ne5 17. Qd4 Nxa4 18. Qxb6 Nxb6 19. f4 Bg4 20. Bxg4 Nxg4 21. Nf2 Na4 22. Ra3 Nxf2 23. Rxf2 Nc5 24. b4 Nxe4 25. Re2 f5 26. bxa5 Kf7 27. Rb2 cxd5 28. cxd5 Rhc8 29. Be3 Rc7 30. Rbb3 Rac8 31. Rb2 Rc2+ 32. Rxc2 Rxc2+ 33. Kh3 Rc3 0-1

[Event "Kavala op 13th"]
[Site "Kavala"]
[Date "2004.08.02"]
[Round "4"]
[White "Mastrovasilis, Dimitrios"]
[Black "Lazaridis Patsalias, Haralambos"]
[Result "1-0"]
[WhiteElo "2568"]
[BlackElo "2081"]
[PlyCount "71"]
[EventDate "2004.07.31"]
[EventType "swiss"]
[EventRounds "9"]
[EventCountry "GRE"]
[SourceTitle "CBM 101 Extra"]
[Source "ChessBase"]
[SourceDate "2004.09.01"]
[SourceVersion "2"]
[SourceVersionDate "2004.09.01"]
[SourceQuality "1"]

1. e4 c6 2. d4 d5 3. e5 c5 4. dxc5 e6 5. Be3 Qc7 6. Nf3 Bxc5 7. Bxc5 Qxc5 8. Nc3 Ne7 9. Bd3 Nd7 10. 0-0 Ng6 11. Re1 0-0 12. Qd2 Qb4 13. Bxg6 hxg6 14. a3 Qe7 15. Qf4 Rd8 16. Re3 Nf8 17. Nb5 Bd7 18. Nbd4 Nh7 19. h4 Rac8 20. Rae1 b5 21. Ng5 a5 22. g4 b4 23. axb4 axb4 24. Rf3 Be8 25. Ree3 Rc7 26. Nxh7 Kxh7 27. g5 Bc6 28. Rh3 Rh8 29. h5 Kg8 30. hxg6 fxg6 31. Rxh8+ Kxh8 32. Rh3+ Kg8 33. Qh4 Kf7 34. Qh8 Qxg5+ 35. Rg3 Qxe5 36. Rf3+ 1-0

[Event "Kavala op 13th"]
[Site "Kavala"]
[Date "2004.08.01"]
[Round "2"]
[White "Dobrov, Vladimir"]
[Black "Lazaridis Patsalias, Haralambos"]
[Result "1-0"]
[WhiteElo "2495"]
[BlackElo "2081"]
[PlyCount "34"]
[EventDate "2004.07.31"]
[EventType "swiss"]
[EventRounds "9"]
[EventCountry "GRE"]
[SourceTitle "CBM 101 Extra"]
[Source "ChessBase"]
[SourceDate "2004.09.01"]
[SourceVersion "2"]
[SourceVersionDate "2004.09.01"]
[SourceQuality "1"]

1. e4 c6 2. d4 d5 3. f3 dxe4 4. fxe4 e5 5. Nf3 exd4 6. Bc4 Be7 7. 0-0 Nf6 8. Ng5 0-0 9. e5 Nd5 10. Qh5 Bxg5 11. Bxg5 Qd7 12. h3 Re8 13. Nd2 Rxe5 14. Nf3 Re6 15. Nxd4 Nf6 16. Rxf6 Qxd4+ 17. Rf2 Qd7 1-0

[Event "Korinthos op 7th"]
[Site "Korinthos"]
[Date "2004.07.25"]
[Round "4"]
[White "Markidis, Konstantinos"]
[Black "Lazaridis Patsalias, Haralambos"]
[Result "1-0"]
[WhiteElo "2381"]
[BlackElo "2081"]
[PlyCount "47"]
[EventDate "2004.07.22"]
[EventType "swiss"]
[EventRounds "9"]
[EventCountry "GRE"]
[SourceTitle "CBM 101 Extra"]
[Source "ChessBase"]
[SourceDate "2004.09.01"]
[SourceVersion "2"]
[SourceVersionDate "2004.09.01"]
[SourceQuality "1"]

1. e4 c6 2. Nc3 d5 3. g3 e5 4. Nf3 d4 5. Ne2 Bd6 6. Bg2 Ne7 7. d3 0-0 8. 0-0 f6 9. Nd2 Be6 10. f4 c5 11. f5 Bf7 12. h4 Nbc6 13. g4 b5 14. Ng3 c4 15. Nf3 cxd3 16. cxd3 Nb4 17. a3 Na2 18. Bd2 Rc8 19. g5 b4 20. gxf6 gxf6 21. axb4 Bxb4 22. Bh6 Nc6 23. h5 Kh8 24. Nh4 1-0

[Event "GRE-ch U16"]
[Site "Chania"]
[Date "2003.04.23"]
[Round "6"]
[White "Lazaridis Patsalias, Haralambos"]
[Black "Papadopoulos, Dimitrios"]
[Result "1/2-1/2"]
[WhiteElo "1810"]
[BlackElo "1560"]
[PlyCount "76"]
[EventDate "2003.04.??"]
[EventType "swiss"]
[EventRounds "7"]
[EventCountry "GRE"]
[SourceTitle "EXT 2005"]
[Source "ChessBase"]
[SourceDate "2004.11.15"]
[SourceVersion "1"]
[SourceVersionDate "2004.11.15"]
[SourceQuality "1"]

1. d4 Nf6 2. c4 g6 3. Nc3 Bg7 4. e4 d6 5. Nf3 0-0 6. Be2 Nbd7 7. 0-0 e5 8. Be3 Ng4 9. Bg5 f6 10. Bd2 Nh6 11. d5 a5 12. a3 f5 13. Ne1 Nf6 14. f3 f4 15. Nd3 g5 16. b4 axb4 17. axb4 Rxa1 18. Qxa1 g4 19. c5 Nh5 20. Rc1 Qh4 21. Bf1 gxf3 22. gxf3 Bh3 23. Ne2 Rf6 24. Rc2 Rg6+ 25. Kh1 Ng3+ 26. Nxg3 fxg3 27. Be3 Qh5 28. Qd1 Nf7 29. Bxh3 Qxh3 30. Rg2 Bh6 31. Bxh6 Qxh6 32. Qe1 gxh2 33. Rxh2 Qg5 34. Qf2 Qg3 35. Qxg3 Rxg3 36. Rg2 Rxg2 37. Kxg2 Kg7 38. b5 Kf6 1/2-1/2

[Event "GRE-ch U16"]
[Site "Chania"]
[Date "2003.04.21"]
[Round "3"]
[White "Papadopoulos, Ioannis K"]
[Black "Lazaridis Patsalias, Haralambos"]
[Result "1/2-1/2"]
[WhiteElo "1950"]
[BlackElo "1810"]
[PlyCount "66"]
[EventDate "2003.04.??"]
[EventType "swiss"]
[EventRounds "7"]
[EventCountry "GRE"]
[SourceTitle "EXT 2005"]
[Source "ChessBase"]
[SourceDate "2004.11.15"]
[SourceVersion "1"]
[SourceVersionDate "2004.11.15"]
[SourceQuality "1"]

1. c4 e6 2. g3 d5 3. Qc2 Nf6 4. Nf3 Be7 5. Bg2 0-0 6. 0-0 c5 7. d3 Nc6 8. a3 b6 9. b4 Bb7 10. b5 Nd4 11. Nxd4 cxd4 12. Bb2 e5 13. Nd2 Rc8 14. Qa4 Qc7 15. Rac1 Qb8 16. Bh3 Rc7 17. cxd5 Nxd5 18. Nc4 Bc8 19. Bg2 Bb7 20. Qb3 Bg5 21. Rce1 Rd7 22. e4 dxe3 23. fxe3 Bf6 24. e4 Ne7 25. Bh3 Rdd8 26. Qc3 Ng6 27. Bf5 Rfe8 28. h4 Nf8 29. Ne3 Bc8 30. Ng4 Bxf5 31. Nxf6+ gxf6 32. Rxf5 Qd6 33. d4 Qxd4+ 1/2-1/2

[Event "GRE-ch U16"]
[Site "Greece"]
[Date "2002.04.27"]
[Round "1.2"]
[White "Lazaridis Patsalias, Haralambos"]
[Black "Davidenko, Hristos"]
[Result "1/2-1/2"]
[WhiteElo "1575"]
[BlackElo "1955"]
[PlyCount "69"]
[EventDate "2002.??.??"]
[EventType "swiss"]
[EventRounds "6"]
[EventCountry "GRE"]
[SourceTitle "EXT 2004"]
[Source "ChessBase"]
[SourceDate "2003.11.25"]
[SourceVersion "1"]
[SourceVersionDate "2003.11.25"]
[SourceQuality "1"]

1. d4 Nf6 2. c4 c5 3. d5 e5 4. Nc3 d6 5. e4 Be7 6. Nge2 0-0 7. Ng3 Re8 8. Bd3 Bf8 9. 0-0 a6 10. a3 g6 11. b4 b6 12. bxc5 bxc5 13. Rb1 Bg7 14. Bd2 Rf8 15. h4 Ne8 16. h5 Qh4 17. Qc1 Bf6 18. Bh6 Ng7 19. Rb6 Be7 20. Qe3 Nd7 21. Rc6 Nb8 22. Rb6 Rd8 23. Rfb1 Bg4 24. hxg6 hxg6 25. Rb7 Nd7 26. Be2 Kh7 27. Bxg4 Qxg4 28. Bxg7 Kxg7 29. Rc7 Rab8 30. Rxb8 Rxb8 31. Qe2 Qxe2 32. Ngxe2 Rd8 33. Ra7 a5 34. Rxa5 Nb6 35. Ra7 1/2-1/2